| 000 | 00549nam a22001697a 4500 | ||
|---|---|---|---|
| 005 | 20251108165256.0 | ||
| 008 | 250721s1995 xx 000 0 ara d | ||
| 082 | 1 | 4 | _a574.33/حاج |
| 100 | 1 | _aالحاج، حميد أحمد | |
| 245 | 1 | 0 | _aدليل مختبر علم الأجنة / |
| 264 | 1 |
_aعمان : _bالجامعة الأردنية - عمادة البحث العلمي، _c1995. |
|
| 300 | _a212ص : قاموس مصطلحات | ||
| 650 | 1 | 7 | _aعلم الأجنة |
| 650 | 1 | 7 | _aعلم الأحياء |
| 942 |
_2ddc _cBK |
||
| 999 |
_c23852 _d23852 |
||